[Event "GER-chT Online Liga 1 GpB"]
[Site "Playchess.com INT"]
[Date "2021.02.08"]
[Round "3.1"]
[White "Nguyen, Alex Dac Vuong"]
[Black "Schwekendiek, Ulrich"]
[Result "1-0"]
[WhiteElo "2307"]
[BlackElo "2271"]
[PlyCount "69"]
[EventDate "2021.01.18"]
[EventType "team-tourn (rapid)"]
[EventRounds "7"]
[EventCountry "GER"]
[SourceTitle "EXT 2022"]
[Source "ChessBase"]
[SourceDate "2021.10.06"]
[SourceVersion "1"]
[SourceVersionDate "2021.10.06"]
[SourceQuality "1"]
[WhiteTeam "Leipzig SG"]
[BlackTeam "Hameln"]
[WhiteTeamCountry "GER"]
[BlackTeamCountry "GER"]

1. e4 d6 2. d4 Nf6 3. f3 c6 4. Ne2 Nbd7 5. c4 g6 6. Nbc3 Bg7 7. Be3 Rb8 8. Ng3 Qc7 9. Qd2 a6 10. a4 h5 11. Bd3 c5 12. 0-0 cxd4 13. Bxd4 Nc5 14. Nd5 Qd8 15. Bc2 e5 16. Nxf6+ Bxf6 17. Be3 0-0 18. Rfd1 Be7 19. b4 Ne6 20. a5 Ng7 21. Bb6 Bg5 22. Bxd8 Bxd2 23. Bc7 Be3+ 24. Kh1 Ra8 25. Bxd6 Re8 26. Ra3 Bg5 27. Ba4 Rd8 28. Bxe5 Be6 29. Rxd8+ Rxd8 30. f4 Be7 31. c5 Rd2 32. Bc3 Rf2 33. f5 Bc4 34. Kg1 Rf4 35. Be5 1-0

[Event "GER-chT Online Liga 1 GpB"]
[Site "Playchess.com INT"]
[Date "2021.01.18"]
[Round "1.1"]
[White "Ewert, Hannes"]
[Black "Schwekendiek, Ulrich"]
[Result "1-0"]
[WhiteElo "2266"]
[BlackElo "2271"]
[PlyCount "77"]
[EventDate "2021.01.18"]
[EventType "team-tourn (rapid)"]
[EventRounds "7"]
[EventCountry "GER"]
[SourceTitle "CBM 200 Extra"]
[Source "ChessBase"]
[SourceDate "2021.03.31"]
[SourceVersion "1"]
[SourceVersionDate "2021.03.31"]
[SourceQuality "1"]
[WhiteTeam "Hellern"]
[BlackTeam "Hameln"]
[WhiteTeamCountry "GER"]
[BlackTeamCountry "GER"]

1. e4 e5 2. Nf3 Nc6 3. Bb5 Bc5 4. 0-0 Nge7 5. c3 Ng6 6. d4 exd4 7. cxd4 Bb6 8. Nc3 Nce7 9. h4 h6 10. h5 Nf8 11. d5 Nh7 12. Bf4 0-0 13. d6 cxd6 14. Bxd6 Re8 15. e5 Nf5 16. Ne4 Nf8 17. Qd3 Nh4 18. Bc4 Ne6 19. g3 Nxf3+ 20. Qxf3 Bc7 21. Rad1 Rb8 22. Qf5 Bxd6 23. Nxd6 Re7 24. Nxf7 Qf8 25. Nd6 Qxf5 26. Nxf5 Rf7 27. Nd6 Re7 28. f4 Kf8 29. f5 Ng5 30. f6 Rxe5 31. Nxc8 Rxc8 32. fxg7+ Kxg7 33. Rxd7+ Kh8 34. Rf6 Nh7 35. Rxh6 Rxc4 36. Rhxh7+ Kg8 37. Rdg7+ Kf8 38. h6 Re2 39. Rh8# 1-0

[Event "DSOL 01 Liga Gr-B 1st"]
[Site "Playchess.com INT"]
[Date "2020.08.03"]
[Round "7.1"]
[White "Heinemann, Thies"]
[Black "Schwekendiek, Ulrich"]
[Result "0-1"]
[WhiteElo "2505"]
[BlackElo "2266"]
[PlyCount "124"]
[EventDate "2020.06.22"]
[EventType "team-tourn (rapid)"]
[EventCountry "GER"]
[SourceTitle "EXT 2021"]
[Source "ChessBase"]
[SourceDate "2020.10.23"]
[SourceVersion "1"]
[SourceVersionDate "2020.10.23"]
[SourceQuality "1"]
[WhiteTeam "Hamburger SK II"]
[BlackTeam "Hameln"]
[WhiteTeamCountry "GER"]
[BlackTeamCountry "GER"]

1. e4 d6 2. d4 Nf6 3. Nc3 g6 4. f4 Bg7 5. Nf3 0-0 6. Be3 c6 7. h3 b5 8. e5 Nfd7 9. Bd3 Nb6 10. Qe2 N8d7 11. h4 Re8 12. h5 Nf8 13. hxg6 fxg6 14. Ng5 h6 15. Nf3 Bg4 16. Rh4 Qc8 17. Ne4 Nc4 18. Bc1 Be6 19. a4 c5 20. axb5 Nb6 21. dxc5 dxc5 22. Nc3 Qc7 23. g4 Qd7 24. Be4 Bxg4 25. f5 gxf5 26. Bxa8 Rxa8 27. Bxh6 Ng6 28. Rxg4 fxg4 29. Qe4 Qe6 30. Bxg7 Kxg7 31. Ng5 Qxe5 32. Qxe5+ Nxe5 33. Kf2 Kg6 34. Nge4 c4 35. Kg3 Nbd7 36. Ra6+ Kf5 37. Nf2 Nf6 38. Ne2 Rd8 39. c3 Rd7 40. Nd4+ Kg5 41. Ne6+ Kf5 42. Nd4+ Kg5 43. Ne6+ Kh5 44. b6 axb6 45. Rxb6 Rd6 46. Nf4+ Kg5 47. Rb5 Kf5 48. b3 cxb3 49. N4d3 Rd5 50. c4 Rxb5 51. cxb5 Nxd3 52. Nxd3 Nd5 53. Nb2 Nb6 54. Nd3 e5 55. Nb2 e4 56. Nd1 Nd5 57. Nb2 e3 58. Nc4 Ke4 59. b6 Nxb6 60. Nxb6 Kd3 61. Na4 Kc2 62. Kxg4 e2 0-1

[Event "BL2-Nord 1112"]
[Site "Germany"]
[Date "2011.11.20"]
[Round "3.8"]
[White "Schwekendiek, Ulrich"]
[Black "Foerster, Jonas"]
[Result "1-0"]
[WhiteElo "2268"]
[BlackElo "2236"]
[PlyCount "107"]
[EventDate "2011.10.02"]
[EventType "team-tourn"]
[EventRounds "9"]
[EventCountry "GER"]
[SourceTitle "EXT 2015"]
[Source "ChessBase"]
[SourceDate "2014.11.20"]
[SourceVersion "1"]
[SourceVersionDate "2014.11.20"]
[SourceQuality "1"]
[WhiteTeam "Pankow Rotation"]
[BlackTeam "Rostock"]
[WhiteTeamCountry "GER"]
[BlackTeamCountry "GER"]

1. e4 g6 2. Nc3 Bg7 3. h4 h5 4. Nh3 c6 5. Ng5 Nh6 6. Bc4 d6 7. d3 Nd7 8. a3 Nb6 9. Ba2 e6 10. Ne2 Qe7 11. c3 Bd7 12. f3 e5 13. Be3 f6 14. Nh3 Be6 15. a4 Bxa2 16. Rxa2 Qe6 17. Ra3 d5 18. Qb3 Bf8 19. Ra1 Nd7 20. 0-0 b6 21. d4 Nf7 22. Rad1 Bh6 23. Bxh6 Rxh6 24. Rfe1 0-0-0 25. exd5 Qxd5 26. c4 Qe6 27. a5 Nd6 28. d5 Qf7 29. axb6 axb6 30. dxc6 Nb8 31. Qxb6 Qc7 32. Qb3 Qxc6 33. c5 Nb7 34. Nf2 Rh7 35. Qc2 f5 36. b4 Rhd7 37. Rxd7 Rxd7 38. Nc3 Qf6 39. b5 Nxc5 40. Na4 Rc7 41. Nxc5 Qe7 42. Nfd3 Nd7 43. b6 Rc6 44. b7+ Kb8 45. Na6+ Kxb7 46. Rb1+ Nb6 47. Nac5+ Kc7 48. Qa2 e4 49. fxe4 fxe4 50. Qa7+ Kd6 51. Qb8+ Kd5 52. Qg8+ Kd4 53. Rb4+ Kc3 54. Qb3+ 1-0

[Event "GER CupT"]
[Site "Germany"]
[Date "2011.01.22"]
[Round "1.23"]
[White "Kliebe, Harry"]
[Black "Schwekendiek, Ulrich"]
[Result "0-1"]
[WhiteElo "2081"]
[BlackElo "2279"]
[PlyCount "90"]
[EventDate "2011.01.22"]
[EventType "team-k.o."]
[EventRounds "6"]
[EventCountry "GER"]
[SourceTitle "EXT 2016"]
[Source "ChessBase"]
[SourceDate "2015.10.08"]
[SourceVersion "1"]
[SourceVersionDate "2015.10.08"]
[SourceQuality "1"]
[WhiteTeam "Luebbenau Spreewald"]
[BlackTeam "Pankow Rotation"]
[WhiteTeamCountry "GER"]
[BlackTeamCountry "GER"]

1. e4 e5 2. Nc3 Bb4 3. Bc4 d6 4. Nge2 c6 5. 0-0 Qh4 6. d3 Nf6 7. f3 Bc5+ 8. Kh1 b5 9. Bb3 Nbd7 10. Bd2 Bb7 11. Qc1 d5 12. Ng3 Nh5 13. Nxh5 Qxh5 14. exd5 0-0 15. dxc6 Bxc6 16. Ne4 Be7 17. Bg5 Rae8 18. Bxe7 Rxe7 19. Qe3 a5 20. a4 b4 21. Ng3 Qg6 22. f4 Rfe8 23. f5 Qg4 24. Ne4 Nf6 25. Nxf6+ gxf6 26. Rf2 Qd4 27. Re1 Qxb2 28. Qg3+ Kh8 29. Qh4 e4 30. d4 Qxd4 31. Rfe2 Rg8 32. Re3 Rg7 33. Qf2 Re5 34. h3 Rc5 35. g4 h5 36. Qf4 Kh7 37. Qf2 Rc3 38. Qg3 Rxe3 39. Rxe3 Qd1+ 40. Qe1 Qxe1+ 41. Rxe1 hxg4 42. hxg4 Rxg4 43. Bxf7 Kh6 44. Kh2 Bxa4 45. Re2 Kg5 0-1

[Event "Oberliga Nord O 0910"]
[Site "Germany"]
[Date "2009.12.16"]
[Round "4.7"]
[White "Schwekendiek, Ulrich"]
[Black "Rutschke, Bernhard"]
[Result "1-0"]
[WhiteElo "2275"]
[BlackElo "2085"]
[PlyCount "109"]
[EventDate "2009.10.18"]
[EventType "team-tourn"]
[EventRounds "9"]
[EventCountry "GER"]
[SourceTitle "EXT 2011"]
[Source "ChessBase"]
[SourceDate "2010.11.26"]
[SourceVersion "1"]
[SourceVersionDate "2010.11.26"]
[SourceQuality "1"]
[WhiteTeam "Pankow Rotation"]
[BlackTeam "Ruedersdorf"]
[WhiteTeamCountry "GER"]
[BlackTeamCountry "GER"]

1. e4 c5 2. Nf3 Nc6 3. d4 cxd4 4. Nxd4 g6 5. Nc3 Bg7 6. Be3 Nf6 7. Nxc6 bxc6 8. e5 Nd5 9. Nxd5 cxd5 10. Bd4 0-0 11. Bd3 d6 12. f4 dxe5 13. fxe5 f6 14. Qe2 fxe5 15. Bxe5 Qa5+ 16. c3 Bxe5 17. Qxe5 Bf5 18. Bc4 e6 19. Bb3 Qb6 20. 0-0-0 Be4 21. Rhe1 Rf5 22. Qd4 Qxd4 23. Rxd4 Rf2 24. Rd2 Raf8 25. Ree2 Rf1+ 26. Rd1 R1f2 27. Rde1 Rxe2 28. Rxe2 Rf1+ 29. Kd2 Rg1 30. g3 Kg7 31. Ke3 Kf6 32. Kd4 Kf5 33. Rf2+ Kg5 34. c4 Rc1 35. Rf7 h5 36. Rxa7 e5+ 37. Kxe5 dxc4 38. Kxe4 cxb3 39. axb3 Rc2 40. Kf3 Rxb2 41. h4+ Kf6 42. Rb7 Rb1 43. b4 Kf5 44. Rb5+ Kf6 45. Kf4 Rb3 46. Rb6+ Kf7 47. b5 Rb4+ 48. Ke5 Rb3 49. Rb7+ Kg8 50. b6 g5 51. hxg5 Rxg3 52. Rc7 Rxg5+ 53. Kf6 Rb5 54. b7 h4 55. Rc8+ 1-0

[Event "Berlin Unicorn op"]
[Site "Berlin"]
[Date "2008.05.03"]
[Round "6"]
[White "Schwekendiek, Ulrich"]
[Black "Niehaus, Frank"]
[Result "1/2-1/2"]
[WhiteElo "2285"]
[BlackElo "2206"]
[PlyCount "126"]
[EventDate "2008.04.30"]
[EventType "swiss"]
[EventRounds "7"]
[EventCountry "GER"]
[SourceTitle "CBM 124 Extra"]
[Source "ChessBase"]
[SourceDate "2008.07.03"]
[SourceVersion "1"]
[SourceVersionDate "2008.07.03"]
[SourceQuality "1"]

1. e4 c5 2. Nf3 d6 3. d4 cxd4 4. Nxd4 Nf6 5. Nc3 g6 6. Be3 Bg7 7. f3 0-0 8. Bc4 Nc6 9. Qe2 Bd7 10. 0-0-0 Qc7 11. h4 Rac8 12. Bb3 Na5 13. h5 Nxb3+ 14. axb3 Qa5 15. g4 a6 16. Rh3 Rxc3 17. bxc3 Qxc3 18. Qd3 Qxd3 19. Rxd3 gxh5 20. Nf5 hxg4 21. Nxe7+ Kh8 22. Rg3 h5 23. Bg5 Nh7 24. Bh4 Be5 25. Rg1 Kg7 26. Nf5+ Bxf5 27. exf5 Nf6 28. Bg5 gxf3 29. Rxf3 Ng4 30. Rh1 Rh8 31. Kd2 Bf6 32. Bf4 Be5 33. Kd3 Kf6 34. Ke4 Bxf4 35. Kxf4 d5 36. Rfh3 Re8 37. Rxh5 Re4+ 38. Kg3 Ne3 39. Rh6+ Ke5 40. Rb6 Nxf5+ 41. Kf2 Rf4+ 42. Ke1 Nd4 43. Kd1 Rf2 44. Re1+ Kf5 45. Rxb7 f6 46. c3 Ne6 47. b4 Nf4 48. Rb6 Ra2 49. Re8 a5 50. Ra6 a4 51. Rf8 Ke4 52. Rc8 Kd3 53. Kc1 a3 54. Kb1 Rb2+ 55. Ka1 Kc2 56. Rxf6 Rb1+ 57. Ka2 Nd3 58. b5 Rxb5 59. c4 Rb2+ 60. Kxa3 Rb3+ 61. Ka4 Rb4+ 62. Ka5 dxc4 63. Re6 Kc3 1/2-1/2

[Event "Berlin Unicorn op"]
[Site "Berlin"]
[Date "2008.05.01"]
[Round "3"]
[White "Baier, Reinhard"]
[Black "Schwekendiek, Ulrich"]
[Result "1-0"]
[WhiteElo "2069"]
[BlackElo "2285"]
[PlyCount "111"]
[EventDate "2008.04.30"]
[EventType "swiss"]
[EventRounds "7"]
[EventCountry "GER"]
[SourceTitle "CBM 124 Extra"]
[Source "ChessBase"]
[SourceDate "2008.07.03"]
[SourceVersion "1"]
[SourceVersionDate "2008.07.03"]
[SourceQuality "1"]

1. e4 e5 2. Nc3 Nf6 3. f4 d5 4. fxe5 Nxe4 5. d3 Qh4+ 6. g3 Nxg3 7. Nf3 Qh5 8. Nxd5 Nxh1 9. Nxc7+ Kd8 10. Nxa8 Bh3 11. Qe2 Be7 12. Bxh3 Qxh3 13. Be3 Nc6 14. Kd2 Kc8 15. Rxh1 Kb8 16. Nb6 axb6 17. Rg1 Qe6 18. b3 g6 19. c3 Rc8 20. Bxb6 Nb4 21. Bf2 Nxa2 22. c4 Bb4+ 23. Kc2 Nc3 24. Qf1 Rd8 25. Ng5 Qa6 26. Qa1 Na2 27. Ne4 Be7 28. Kb2 Nb4 29. Qxa6 Nxd3+ 30. Kc3 bxa6 31. Bg3 Ka7 32. Nd6 Nc5 33. Bf2 f6 34. Bxc5+ Kb8 35. Ne4 Bxc5 36. Nxc5 fxe5 37. Re1 a5 38. Rxe5 Rd1 39. Re7 h5 40. Rd7 Rg1 41. Ne6 Rc1+ 42. Kb2 Rh1 43. Rd2 h4 44. c5 Kb7 45. Kc3 Rc1+ 46. Kd4 Kc6 47. h3 Re1 48. Nd8+ Kb5 49. c6 Kb6 50. Kd5 Re3 51. Kd6 Rc3 52. Rd4 g5 53. Rc4 Rd3+ 54. Ke7 Kc7 55. Ne6+ Kc8 56. Rd4 1-0

[Event "Berlin Unicorn op"]
[Site "Berlin"]
[Date "2008.04.30"]
[Round "1"]
[White "Herrmann, Markus"]
[Black "Schwekendiek, Ulrich"]
[Result "0-1"]
[WhiteElo "2006"]
[BlackElo "2285"]
[PlyCount "110"]
[EventDate "2008.04.30"]
[EventType "swiss"]
[EventRounds "7"]
[EventCountry "GER"]
[SourceTitle "CBM 124 Extra"]
[Source "ChessBase"]
[SourceDate "2008.07.03"]
[SourceVersion "1"]
[SourceVersionDate "2008.07.03"]
[SourceQuality "1"]

1. e4 e5 2. Nf3 Nc6 3. Bb5 Nf6 4. 0-0 Nxe4 5. d4 Nd6 6. Bxc6 dxc6 7. dxe5 Nf5 8. Qxd8+ Kxd8 9. Rd1+ Ke8 10. Nc3 h6 11. Ne4 c5 12. c4 Be6 13. b3 Rd8 14. Ba3 b6 15. Bb2 Rd7 16. Rxd7 Kxd7 17. Rd1+ Kc8 18. Nc3 g5 19. Nd5 Bg7 20. Nf6 Rd8 21. Rxd8+ Kxd8 22. g4 Ne7 23. h4 gxh4 24. Nxh4 Nc6 25. f3 Nb4 26. a3 Nd3 27. Bc3 Nc1 28. Nh5 Bf8 29. Nf4 Bc8 30. Kf2 Nxb3 31. Nd3 Nd4 32. Ng2 Be7 33. a4 a5 34. Bd2 Bb7 35. Bxh6 Bxf3 36. Ne3 Bh4+ 37. Kg1 Ne2+ 38. Kh2 Be4 39. Nb2 Bg3+ 40. Kh3 Bxe5 41. Ned1 Ke7 42. Kh4 Ke6 43. Bd2 Nd4 44. Bc1 Ne2 45. Bd2 Bf4 46. Bxf4 Nxf4 47. Kg3 Ke5 48. Nc3 Nd3 49. Nbd1 Kd4 50. Nb5+ Kxc4 51. Nxc7 Bc6 52. Ne3+ Kb3 53. Ned5 Bxd5 54. Nxd5 c4 55. Kf3 c3 0-1

[Event "BL2-Ost 0708"]
[Site "Germany"]
[Date "2008.01.20"]
[Round "5.8"]
[White "Loew, Gerald"]
[Black "Schwekendiek, Ulrich"]
[Result "0-1"]
[WhiteElo "2251"]
[BlackElo "2285"]
[PlyCount "72"]
[EventDate "2007.10.21"]
[EventType "team-tourn"]
[EventRounds "9"]
[EventCountry "GER"]
[SourceTitle "EXT 2009"]
[Source "ChessBase"]
[SourceDate "2008.11.26"]
[SourceVersion "1"]
[SourceVersionDate "2008.11.26"]
[SourceQuality "1"]
[WhiteTeam "Bindlach II"]
[BlackTeam "Berlin Rotation"]
[WhiteTeamCountry "GER"]
[BlackTeamCountry "GER"]

1. c4 e6 2. g3 d5 3. Bg2 c5 4. Nf3 Nc6 5. 0-0 Nf6 6. cxd5 exd5 7. d4 Be7 8. dxc5 0-0 9. Bg5 h6 10. Bxf6 Bxf6 11. Qc2 Be6 12. Nbd2 a5 13. Rac1 a4 14. Rfd1 a3 15. bxa3 Rxa3 16. Nb1 Ra5 17. a3 Qa8 18. Ne1 d4 19. Nd3 Rb5 20. Nd2 Qxa3 21. Rb1 Rxb1 22. Rxb1 Na5 23. Qb2 Qxb2 24. Rxb2 Rc8 25. Ne4 Be7 26. Rb5 Nc4 27. Rxb7 Bf8 28. Rb5 f5 29. Nf4 Bf7 30. Nd6 Nxd6 31. cxd6 Rc1+ 32. Bf1 Bxd6 33. Rxf5 g5 34. Nd3 Rd1 35. f3 Be6 36. Rf6 Bh3 0-1

[Event "Oberliga Nord O 0708"]
[Site "Germany"]
[Date "2007.12.09"]
[Round "4.1"]
[White "Schwekendiek, Ulrich"]
[Black "Rosenthal, Dirk"]
[Result "0-1"]
[WhiteElo "2285"]
[BlackElo "2378"]
[PlyCount "74"]
[EventDate "2007.10.21"]
[EventType "team-tourn"]
[EventRounds "9"]
[EventCountry "GER"]
[SourceTitle "EXT 2009"]
[Source "ChessBase"]
[SourceDate "2008.11.26"]
[SourceVersion "1"]
[SourceVersionDate "2008.11.26"]
[SourceQuality "1"]
[WhiteTeam "Pankow Rotation"]
[BlackTeam "Oberschoeneweide"]
[WhiteTeamCountry "GER"]
[BlackTeamCountry "GER"]

1. e4 e6 2. d4 d5 3. e5 c5 4. c3 Nc6 5. Nf3 Nge7 6. Bd3 cxd4 7. cxd4 Nf5 8. Bxf5 exf5 9. Nc3 Be6 10. h4 h6 11. h5 Be7 12. Bf4 Qb6 13. Qd3 0-0-0 14. b3 g5 15. hxg6 fxg6 16. Rc1 g5 17. Bd2 Kb8 18. Na4 Qc7 19. Nc5 Bc8 20. b4 Bxc5 21. Rxc5 Qb6 22. Qa3 a6 23. b5 axb5 24. Qd3 f4 25. 0-0 b4 26. Rb1 Rhf8 27. Rb5 Bf5 28. Qf1 Qa6 29. Bxb4 Bxb1 30. Bxf8 Bxa2 31. Bd6+ Rxd6 32. exd6 Bc4 33. Qe1 Bxb5 34. Qe8+ Ka7 35. d7 Qa5 36. Ne5 Nxe5 37. dxe5 Bxd7 0-1

[Event "Oberliga Nord W 0102"]
[Site "Germany"]
[Date "2002.02.03"]
[Round "5.4"]
[White "Waldschlaeger, Juergen"]
[Black "Schwekendiek, Ulrich"]
[Result "1-0"]
[WhiteElo "2205"]
[BlackElo "2292"]
[PlyCount "69"]
[EventDate "2001.10.07"]
[EventType "team"]
[EventRounds "9"]
[EventCountry "GER"]
[SourceTitle "EXT 2003"]
[Source "ChessBase"]
[SourceDate "2002.11.25"]
[SourceVersion "1"]
[SourceVersionDate "2002.11.25"]
[SourceQuality "1"]
[WhiteTeam "Braunschweig SC"]
[BlackTeam "Goettingen"]
[WhiteTeamCountry "GER"]
[BlackTeamCountry "GER"]

1. Nf3 d5 2. g3 Nf6 3. Bg2 c5 4. 0-0 Nc6 5. d4 Bg4 6. Ne5 Bh5 7. Nxc6 bxc6 8. Re1 e6 9. c4 cxd4 10. cxd5 Bb4 11. Bd2 Qb6 12. Qa4 Bxd2 13. Nxd2 exd5 14. Nb3 0-0 15. Qxd4 Qxd4 16. Nxd4 c5 17. Nf5 Rfe8 18. Rac1 Rad8 19. Rxc5 d4 20. Kf1 Ng4 21. Nxd4 Rxd4 22. Rxh5 Ne5 23. Rh4 Rd2 24. Rb4 Rc8 25. Bh3 f5 26. Bxf5 Rc5 27. f4 Nc6 28. Be6+ Kf8 29. Rc4 Rxc4 30. Bxc4 Rxb2 31. Rd1 Nb4 32. Rd7 Nc2 33. Kf2 g6 34. Rxh7 a5 35. Ra7 1-0

[Event "Oberliga Nord W 0001"]
[Site "Germany"]
[Date "2000.11.12"]
[Round "2.5"]
[White "Karges, Dieter"]
[Black "Schwekendiek, Ulrich"]
[Result "1/2-1/2"]
[WhiteElo "2183"]
[BlackElo "2297"]
[PlyCount "122"]
[EventDate "2000.10.15"]
[EventType "team"]
[EventRounds "9"]
[EventCountry "GER"]
[SourceTitle "EXT 2003"]
[Source "ChessBase"]
[SourceDate "2002.11.25"]
[SourceVersion "1"]
[SourceVersionDate "2002.11.25"]
[SourceQuality "1"]
[WhiteTeam "Braunschweig SF"]
[BlackTeam "Goettingen"]
[WhiteTeamCountry "GER"]
[BlackTeamCountry "GER"]

1. d4 f5 2. c4 Nf6 3. Nc3 g6 4. g3 Bg7 5. Bg2 0-0 6. Nh3 d6 7. 0-0 Nc6 8. Nf4 e5 9. dxe5 Nxe5 10. b3 g5 11. Nd3 Nh5 12. Bb2 c6 13. Nxe5 Bxe5 14. e3 Qe8 15. Rb1 f4 16. exf4 gxf4 17. Ne4 Qg6 18. Bf3 fxg3 19. fxg3 Rxf3 20. Qxf3 Bh3 21. Bxe5 Bxf1 22. Qxh5 Bd3 23. Qxg6+ hxg6 24. Rd1 Bxe4 25. Rxd6 Kf7 26. Bd4 b6 27. Be3 c5 28. Bg5 Bb1 29. a3 Ba2 30. Rd3 Ke6 31. Bf4 Rf8 32. h4 Rf7 33. Rd6+ Kf5 34. Kf2 Ke4 35. Rxg6 Bxb3 36. Re6+ Kd4 37. h5 Bxc4 38. Re1 Bd5 39. Rd1+ Ke4 40. Re1+ Kd3 41. Rd1+ Kc4 42. h6 Be4 43. Re1 Kd3 44. Rd1+ Kc3 45. Re1 Bd5 46. Re5 Kd4 47. Ke2 Be4 48. Re8 Bh7 49. Be5+ Kd5 50. Ke3 b5 51. g4 a5 52. Bb2 Ra7 53. Re5+ Kd6 54. Re8 b4 55. Rd8+ Ke6 56. Rc8 Kd5 57. Rxc5+ Kxc5 58. Bd4+ Kc4 59. Bxa7 bxa3 60. Bd4 a2 61. Be5 Kd5 1/2-1/2

[Event "Oberliga Nord W 9899"]
[Site "Germany"]
[Date "1999.01.10"]
[Round "4.1"]
[White "Heinemann, Dieter"]
[Black "Schwekendiek, Ulrich"]
[Result "1-0"]
[WhiteElo "2310"]
[BlackElo "2340"]
[PlyCount "121"]
[EventDate "1998.10.??"]
[EventType "team"]
[EventRounds "9"]
[EventCountry "GER"]
[SourceTitle "EXT 2003"]
[Source "ChessBase"]
[SourceDate "2002.11.25"]
[SourceVersion "1"]
[SourceVersionDate "2002.11.25"]
[SourceQuality "1"]
[WhiteTeam "Bremen Nord"]
[BlackTeam "Goettingen"]
[WhiteTeamCountry "GER"]
[BlackTeamCountry "GER"]

1. e4 e5 2. Nf3 Nc6 3. Bb5 Nf6 4. d3 d6 5. c4 g6 6. Nc3 Bg7 7. 0-0 0-0 8. h3 Bd7 9. Be3 Qe8 10. Re1 a6 11. Ba4 Rb8 12. a3 Nd8 13. Bxd7 Qxd7 14. d4 exd4 15. Nxd4 Re8 16. Qc2 b5 17. cxb5 axb5 18. b4 c5 19. bxc5 dxc5 20. Nb3 c4 21. Nd4 Ne6 22. Rad1 Nxe4 23. Ndxb5 Qb7 24. Qxe4 Qxe4 25. Nxe4 Rxb5 26. Nd6 Rbb8 27. Nxe8 Rxe8 28. Bd4 Bf8 29. Bb2 Rb8 30. Be5 Ra8 31. Rc1 Nc5 32. Rxc4 Nd3 33. Re3 Nxe5 34. Rxe5 Rxa3 35. g3 h5 36. Re2 Ra7 37. Kg2 Kg7 38. Rec2 Bd6 39. Rd2 Ra6 40. Rd3 Be5 41. Re4 Bd6 42. Red4 Be5 43. Rd7 h4 44. Rf3 Bf6 45. Rb3 hxg3 46. Rbb7 gxf2 47. Rxf7+ Kh6 48. Kxf2 Kg5 49. Rb3 Kh6 50. Kf3 g5 51. Rfb7 Kg6 52. R7b6 Ra4 53. Kg3 Kg7 54. R3b4 Ra1 55. Kg4 Kg6 56. Rb1 Ra4+ 57. R1b4 Ra1 58. Rc4 Ra2 59. h4 Rf2 60. hxg5 Rg2+ 61. Kf4 1-0

[Event "Oberliga Nord W 9798"]
[Site "Germany"]
[Date "1997.11.09"]
[Round "2.2"]
[White "Hummel, Dirk"]
[Black "Schwekendiek, Ulrich"]
[Result "0-1"]
[WhiteElo "2255"]
[BlackElo "2320"]
[PlyCount "70"]
[EventDate "1997.10.??"]
[EventType "team"]
[EventRounds "9"]
[EventCountry "GER"]
[SourceTitle "EXT 2003"]
[Source "ChessBase"]
[SourceDate "2002.11.25"]
[SourceVersion "1"]
[SourceVersionDate "2002.11.25"]
[SourceQuality "1"]
[WhiteTeam "Oesede Georgsmarienhuette"]
[BlackTeam "Goettingen"]
[WhiteTeamCountry "GER"]
[BlackTeamCountry "GER"]

1. d4 d5 2. c4 e6 3. Nc3 c5 4. cxd5 exd5 5. Nf3 Nc6 6. g3 Nf6 7. Bg2 Be7 8. 0-0 0-0 9. dxc5 d4 10. Na4 Bf5 11. Ne1 Re8 12. Nd3 Qd7 13. Bd2 Bf8 14. Re1 g6 15. b4 Ne4 16. Rc1 Bg7 17. Qc2 h5 18. b5 Ne5 19. c6 bxc6 20. Nxe5 Rxe5 21. bxc6 Qd6 22. Qd1 Qa3 23. Bxe4 Bxe4 24. Qb3 Qe7 25. Bf4 Ra5 26. c7 Rc8 27. h4 Be5 28. Bxe5 Qxe5 29. Red1 Bd5 30. Qb4 Qe4 31. f3 Qxe2 32. Rf1 Bxf3 33. Rf2 Qe3 34. Rc5 Rxa4 35. Qxa4 Qe1+ 0-1

[Event "4 Laender-Cup"]
[Site "Schoeneck"]
[Date "1997.06.??"]
[Round "2"]
[White "Schwekendiek, Ulrich"]
[Black "Dinstuhl, Volkmar"]
[Result "0-1"]
[WhiteElo "2315"]
[BlackElo "2405"]
[PlyCount "50"]
[EventDate "1997.??.??"]
[EventType "team-tourn"]
[EventRounds "3"]
[EventCountry "GER"]
[SourceTitle "EXT 1999"]
[Source "ChessBase"]
[SourceDate "1998.11.16"]
[SourceVersion "1"]
[SourceVersionDate "1998.11.16"]
[SourceQuality "1"]

1. e4 c5 2. Nf3 d6 3. d4 cxd4 4. Nxd4 Nf6 5. Nc3 a6 6. Bc4 e6 7. Bb3 b5 8. f4 Bb7 9. f5 e5 10. Nde2 Nbd7 11. Bg5 Be7 12. Bxf6 Nxf6 13. Qd3 Rc8 14. 0-0-0 Rc5 15. g4 b4 16. g5 bxc3 17. gxf6 cxb2+ 18. Kb1 Bxf6 19. Ng3 0-0 20. Rhg1 Rc6 21. Nh5 Kh8 22. Qh3 Rb6 23. Rg4 Rb4 24. Rdg1 Rxe4 25. Rxg7 Bxg7 0-1